000 00622nam a2200205Ii 4500
001 10494
003 CO-ViMGA
008 241108s9999||||xx |||||||||||||| ||und||
040 _aCO-ViMGA
_bspa
_erda
_cCO-ViMGA
041 0 _aspa
082 0 4 _aR 344.099026 I59l
110 1 _aInstituto Colombiano de deporte,
_952942
245 1 0 _aLa ley del deporte y decretos reglamentarios
264 1 _aBogotá, Colombia : Coldeportes, 1995
300 _avolumen
336 _atext
_btxt
_2rdacontent
337 _aunmediated
_bn
_2rdamedia
338 _avolume
_bnc
_2rdacarrier
940 _aidficha_siabuc: 10241. -- ficha_no_siabuc:10494
999 _c48164
_d48164